<?xml version="1.0" encoding="UTF-8"?>
<record
    xmlns:xsi="http://www.w3.org/2001/XMLSchema-instance"
    xsi:schemaLocation="http://www.loc.gov/MARC21/slim http://www.loc.gov/standards/marcxml/schema/MARC21slim.xsd"
    xmlns="http://www.loc.gov/MARC21/slim">

  <leader>03176nam a22003017a 4500</leader>
  <controlfield tag="001">113637</controlfield>
  <controlfield tag="003">DR-UNIBE</controlfield>
  <controlfield tag="005">20250515151453.0</controlfield>
  <controlfield tag="008">250515b2024    sp ||||| |||| 00| 0 spa d</controlfield>
  <datafield tag="020" ind1=" " ind2=" ">
    <subfield code="a">9788427731424</subfield>
  </datafield>
  <datafield tag="040" ind1=" " ind2=" ">
    <subfield code="a">BIBLIOTECA UNIBE</subfield>
    <subfield code="c">BIBLIOTECA UNIBE</subfield>
    <subfield code="e">rda</subfield>
  </datafield>
  <datafield tag="041" ind1=" " ind2=" ">
    <subfield code="a">spa</subfield>
  </datafield>
  <datafield tag="082" ind1=" " ind2=" ">
    <subfield code="a">370.7 P964</subfield>
  </datafield>
  <datafield tag="245" ind1="0" ind2="0">
    <subfield code="a">Qu&#xE9; sabemos sobre el profesorado : </subfield>
    <subfield code="b">pol&#xED;ticas, evidencias y perspectivas de futuro</subfield>
  </datafield>
  <datafield tag="260" ind1=" " ind2=" ">
    <subfield code="a">Madrid :  </subfield>
    <subfield code="b">Narcea :</subfield>
    <subfield code="b">Universidad Camilo Jos&#xE9; Cela,</subfield>
    <subfield code="c">2024</subfield>
  </datafield>
  <datafield tag="300" ind1=" " ind2=" ">
    <subfield code="a">289  p&#xE1;ginas</subfield>
  </datafield>
  <datafield tag="490" ind1=" " ind2=" ">
    <subfield code="a">Pol&#xED;tica educativa</subfield>
  </datafield>
  <datafield tag="505" ind1=" " ind2=" ">
    <subfield code="a">1.	La importancia del profesorado. Visi&#xF3;n desde la literatura de investigaci&#xF3;n  |
2.	&#xBF;Qui&#xE9;n quiere ser profesor?  |
3.	El acceso a la formaci&#xF3;n docente. Atraer y seleccionar a candidatos adecuados  |
4.	Claves diferenciales de la formaci&#xF3;n inicial del profesorado de educaci&#xF3;n b&#xE1;sica |
5.	Sobre inducci&#xF3;n, y m&#xE1;s all&#xE1; de la inducci&#xF3;n: modelos de ingreso a la profesi&#xF3;n  |
6.	La labor docente vista por el profesorado  |
7.	La labor docente vista por la investigaci&#xF3;n  |
8.	De la investigaci&#xF3;n a las pol&#xED;ticas: 12 recomendaciones para fortalecer la profesi&#xF3;n docente  |
</subfield>
  </datafield>
  <datafield tag="520" ind1="3" ind2=" ">
    <subfield code="a">El profesorado est&#xE1; en el centro del debate p&#xFA;blico sobre educaci&#xF3;n. Se le considera, con raz&#xF3;n, un factor clave en el desarrollo de los sistemas educativos de calidad. A &#xE9;l se atribuye casi siempre los buenos resultados escolares y siempre los resultados m&#xE1;s pobres, d&#xE9;biles o mejorables. 

M&#xE1;s all&#xE1; del debate social, hay en la literatura evidencias que claramente est&#xE1;n relacionadas con el buen ejercicio de la funci&#xF3;n docente y con la contribuci&#xF3;n del profesorado al desarrollo de sistemas educativos de calidad. Esta obra ofrece una panor&#xE1;mica global sobre los modelos, factores y caracter&#xED;sticas del docente que impactan positivamente en la calidad de la educaci&#xF3;n. Es un trabajo que sistematiza los resultados de investigaci&#xF3;n y los modelos y pr&#xE1;cticas acreditadas en la literatura acad&#xE9;mica y de organizaciones internacionales, poniendo negro sobre blanco lo que sabemos sobre el profesorado m&#xE1;s all&#xE1; del del ruidoso debate en torno a la formaci&#xF3;n y a la labor de los docentes. Y esta es sin duda la novedad de este volumen. 

La obra proporciona una perspectiva amplia para pensar en el fortalecimiento de la profesi&#xF3;n docente desde la evidencia que proporciona la investigaci&#xF3;n educativa y desde la experiencia contrastada en diversos sistemas educativos, y avanza un conjunto de recomendaciones. 

Las tem&#xE1;ticas abordadas en el libro aportan al lector una visi&#xF3;n amplia y fundamentada de la investigaci&#xF3;n y de la experiencia internacional sobre profesorado. Pretende iluminar el debate sobre pol&#xED;ticas educativas con el conocimiento actual, esencial para el presente y el futuro de los sistemas educativos de calidad.  </subfield>
  </datafield>
  <datafield tag="650" ind1=" " ind2="7">
    <subfield code="2">lemb</subfield>
    <subfield code="a">Ense&#xF1;anza</subfield>
  </datafield>
  <datafield tag="650" ind1=" " ind2="7">
    <subfield code="2">lemb</subfield>
    <subfield code="a">Profesores</subfield>
  </datafield>
  <datafield tag="650" ind1=" " ind2="7">
    <subfield code="2">lemb</subfield>
    <subfield code="a">Educaci&#xF3;n comparada</subfield>
    <subfield code="9">108864</subfield>
  </datafield>
  <datafield tag="650" ind1=" " ind2="7">
    <subfield code="2">lemb</subfield>
    <subfield code="a">Docencia</subfield>
    <subfield code="9">97841</subfield>
  </datafield>
  <datafield tag="653" ind1=" " ind2=" ">
    <subfield code="a">Desarrollo profesional docente</subfield>
  </datafield>
  <datafield tag="700" ind1="1" ind2=" ">
    <subfield code="a">Castro, Mar&#xED;a</subfield>
    <subfield code="e">editor</subfield>
    <subfield code="9">195490</subfield>
  </datafield>
  <datafield tag="700" ind1="1" ind2=" ">
    <subfield code="a">Egido G&#xE1;lvez, Inmaculada</subfield>
    <subfield code="e">editor</subfield>
    <subfield code="9">195491</subfield>
  </datafield>
  <datafield tag="942" ind1=" " ind2=" ">
    <subfield code="2">ddc</subfield>
    <subfield code="c">BK</subfield>
  </datafield>
  <datafield tag="999" ind1=" " ind2=" ">
    <subfield code="c">113637</subfield>
    <subfield code="d">113637</subfield>
  </datafield>
  <datafield tag="952" ind1=" " ind2=" ">
    <subfield code="0">0</subfield>
    <subfield code="1">0</subfield>
    <subfield code="2">ddc</subfield>
    <subfield code="7">0</subfield>
    <subfield code="8">GEN</subfield>
    <subfield code="a">Principal</subfield>
    <subfield code="d">2025-05-15</subfield>
    <subfield code="l">1</subfield>
    <subfield code="o">370.7 P964</subfield>
    <subfield code="p">250597</subfield>
    <subfield code="r">2025-05-21 09:12:51</subfield>
    <subfield code="s">2025-05-21</subfield>
    <subfield code="t">Ej. 1</subfield>
    <subfield code="w">2025-05-15</subfield>
    <subfield code="y">BK</subfield>
  </datafield>
</record>
